Uplatnenie inovatívnych pracovných technológií v praxi zborník príspevkov z odbornej konferencie v rámci projektu ITMS 11220100684 "Zlepšenie zamestnanosti cieľových skupín osvojením inovatívnych pracovných technológií"

Saved in:
Bibliographic Details
Corporate Authors: Uplatnenie inovatívnych pracovných technológií v praxi. Odborná konferencia, Nadácia Providencia, Nadácia prof. Ing. Júliusa Pázmana, Ekonomická univerzita v Bratislave. Podnikovohospodárska fakulta so sídlom v Košiciach
Other Authors: Mesároš, Peter, Bašistová, Alena, Mizla, Martin, 1955-, Suchánek, Petr, Vavrinčík, Pavel
Format: Book
Language:Slovak
English
Published: Košice VÚSI 2008
Subjects:
Tags: Add Tag
No Tags, Be the first to tag this record!

MARC

LEADER 00000nam$a2200000$$$4500
001 0088983
005 20240502072008.4
020 |a 978-80-89383-01-6 
041 0 |a slo 
041 0 |a eng 
044 |a SK 
245 1 0 |a Uplatnenie inovatívnych pracovných technológií v praxi  |b zborník príspevkov z odbornej konferencie v rámci projektu ITMS 11220100684 "Zlepšenie zamestnanosti cieľových skupín osvojením inovatívnych pracovných technológií"  |c Peter Mesároš (ed.), Alena Bašistová (ed.) 
264 1 |a Košice  |b VÚSI  |c 2008 
300 |a 184 s. 
610 2 0 |a technológie informačné 
610 2 0 |a technológie nové 
610 2 0 |a zamestnanosť 
610 2 0 |a inovácia 
700 1 |a Mesároš, Peter 
700 1 |a Bašistová, Alena 
700 1 |a Mizla, Martin, 1955- 
700 1 |a Suchánek, Petr 
700 1 |a Vavrinčík, Pavel 
110 2 |a Uplatnenie inovatívnych pracovných technológií v praxi. Odborná konferencia 
710 2 |a Nadácia Providencia 
710 2 |a Nadácia prof. Ing. Júliusa Pázmana 
710 2 |a Ekonomická univerzita v Bratislave. Podnikovohospodárska fakulta so sídlom v Košiciach